| 000 | 00586nam a2200193Ia 4500 | ||
|---|---|---|---|
| 005 | 20250923145105.0 | ||
| 008 | 008 250917s9999 xx 000 0 eng d | ||
| 037 | _aTextual | ||
| 040 |
_aDSWL _beng _cDSWL |
||
| 041 |
_aeng _2eng |
||
| 084 |
_aYX,zrpl;N61, K73;3 _qDSWL |
||
| 245 | 0 |
_aMental health iand contemporary thought V1, V2 _cEd.by Kennetk Soddy |
|
| 260 |
_aLondon _bTavistock Publication _c1967 |
||
| 365 |
_aINR _b45 |
||
| 700 |
_aR. H.Ahrenfeldt _9831689 |
||
| 925 | _g45 | ||
| 942 |
_cTEXL _hYX,zrpl;N61, K73;3 |
||
| 999 |
_c1446960 _d1446960 |
||